| 000 | 01298cam a22003493a 4500 | ||
|---|---|---|---|
| 001 | 995 | ||
| 005 | 20230815150513.0 | ||
| 008 | 210629s1990 nyu j 000 1 eng d | ||
| 020 |
_a9780590424950 _q(pbk.) |
||
| 020 |
_a0590424955 _q(pbk.) |
||
| 040 |
_aJED _beng _cJED _dOHI _dYQR _dVYL _dOCL _dBTCTA _dXP# _dYDXCP _dOCLCG _dBRENT _dOCLCQ _dOCLCA _dOCLCF _dOCLCQ _dOCLCO _dOCLCQ _dMQ9 _dOCLCO _dNZASP _dMWB _dOCLCQ _dCCHGZ _dKF6 _dJDP _dOCLCO _dVNHAN _dDLC |
||
| 050 | 0 | 0 | _aPZ7.M3567585 |
| 082 | _aFic | ||
| 100 | 1 |
_aMartin, Ann M. _d1955- |
|
| 245 | 1 | 0 |
_aClaudia and the great search / _cAnn M. Martin. |
| 260 |
_aNew York : _bScholastic, _c1990. |
||
| 300 |
_a151 pages : _c20 cm. |
||
| 490 | 1 |
_aThe Baby-sitters Club ; _vBook 33 |
|
| 500 | _a"An Apple paperback." | ||
| 500 | _a"RL4"--Page 4 of cover. | ||
| 505 | _aR | ||
| 520 | _aThirteen-year-old Claudia concludes that she is adopted since she sees no resemblance between herself and her brainy older sister whom she rivals. | ||
| 521 |
_a740
_bLexile |
||
| 521 |
_aR
_bRaz-plus |
||
| 650 | 0 |
_aSisters _vFiction. |
|
| 650 | 0 |
_aClubs _vFiction. |
|
| 650 | 0 |
_aFriendship _vFiction. |
|
| 655 | 7 |
_aYoung adult fiction. _2lcsh |
|
| 655 | 7 |
_aChildren's stories. _2lcsh |
|
| 906 |
_a7 _bcbc _ccopycat _d2 _encip _f20 _gy-genrareb |
||
| 942 |
_2ddc _cBK _n0 |
||
| 999 |
_c995 _d995 |
||